Flags of the 2026 FIFA World Cup - Statistics

General Stats
  • This quiz has been taken 8,924 times
  • The average score is 43 of 48
Answer Stats
Picture Answer % Correct
Germany
97%
Japan
97%
United States
97%
Argentina
96%
Australia
96%
Brazil
96%
Canada
96%
France
96%
Mexico
96%
Norway
96%
South Korea
96%
Spain
96%
Sweden
96%
Switzerland
96%
Belgium
95%
Portugal
95%
South Africa
95%
Turkey
95%
Croatia
94%
Iran
94%
Netherlands
94%
New Zealand
94%
Saudi Arabia
94%
Uruguay
94%
Egypt
93%
England
93%
Qatar
93%
Scotland
93%
Morocco
92%
Austria
91%
Colombia
91%
Czech Republic
91%
Iraq
90%
Panama
90%
Algeria
89%
Bosnia and Herzegovina
89%
Ivory Coast
89%
Tunisia
88%
Ecuador
87%
Ghana
85%
Senegal
83%
Uzbekistan
81%
D.R. Congo
78%
Haiti
78%
Jordan
78%
Paraguay
78%
Cape Verde
71%
Curaçao
57%
No matching quizzes found
Score Distribution
Percent of People with Each Score
Percentile by Number Answered
Your Score History
You have not taken this quiz